• 首页
  • 本馆介绍
  • 公告通知
  • 最新文献
  • 馆藏检索
  • 电子资源
  • 读者导购
  • 参考咨询
  • 我的图书馆
  • 登录
  • 详细信息显示
  • 放入我的书架
  • 预约/预借图书
  • 作者相关作品
  • 分类相关作品
  • 丛书相关作品
  • 出版社相关作品

书目信息

  • 表格格式
  • 工作单格式
  • 卡片格式
题名:
周末秦初大变局
    
 
作者: 姜越 编著
分册:  
出版信息: 沈阳   辽宁人民出版社  2018
页数: 232页
开本: 24cm
丛书名: 王朝拐点系列
单 册:
中图分类: K220.9
科图分类:
主题词: 古代史--中国--先秦时代--通俗读物
电子资源:
ISBN: 978-7-205-09193-4
000 00908oam2 2200253 450
001 012001000459
005 20140920091301.0
010    @a978-7-205-09193-4@dCNY43.80
100    @a20180412d2018 em y0chiy50 ea
101 0  @achi
102    @aCN@b210100
105    @ay z 000yy
106    @ar
200 1  @a周末秦初大变局@9Zhou Mo Qin Chu Da Bian Ju@f姜越编著
210    @a沈阳@c辽宁人民出版社@d2018
215    @a232页@d24cm
225 1  @a王朝拐点系列
330    @a本书向读者描述了生动具体的事例,结合史学家精彩的研究论证,并且摘选了重要的历史文献,阐述了周末秦初那些事儿。主要讲了西周的覆亡、春秋时期的那些事儿、战国时期的那些事儿、秦国的崛起、秦王嬴政的那些事儿、六国毕四海一那些事儿。
461  0 @12001 @a王朝拐点系列
606 0  @a古代史@y中国@z先秦时代@j通俗读物
690    @aK220.9@v5
701  0 @a姜越@9Jiang Yue@4编著
801  0 @aCN@b上海新华@c20180901
905    @b1041663-67@dK220.9@e125@f5
    
    周末秦初大变局/姜越编著.-沈阳:辽宁人民出版社,2018
    232页;24cm.-(王朝拐点系列)
    
    
    ISBN 978-7-205-09193-4:CNY43.80
    本书向读者描述了生动具体的事例,结合史学家精彩的研究论证,并且摘选了重要的历史文献,阐述了周末秦初那些事儿。主要讲了西周的覆亡、春秋时期的那些事儿、战国时期的那些事儿、秦国的崛起、秦王嬴政的那些事儿、六国毕四海一那些事儿。
●
相关链接 在E读中查询图书 在五车中查询图书 在当当中查询图书 在豆瓣中查询图书


正题名:周末秦初大变局     索取号:K220.9/125         预约/预借

序号 登录号 条形码 馆藏地/架位号 状态 备注
1 1041663   210416637   第二样本阅览室/ [索取号:K220.9/125] 在馆    
2 1041664   210416646   密集书库-史法系/ [索取号:K220.9/125] 在馆    
3 1041665   210416655   第二借阅区/ [索取号:K220.9/125] 在馆    
4 1041666   210416664   第二借阅区/ [索取号:K220.9/125] 在馆    
5 1041667   210416673   第二借阅区/ [索取号:K220.9/125] 在馆    
唐山师范学院图书馆 欢迎您!
大连网信软件有限公司© 版权所有